000 00339 a2200157 4500
001 157662
040 _cEscola São Tomás de Aquino
100 _aSABINO, Fernando
240 1 0 _aMartini seco
_lpor
245 1 0 _aMartini seco
300 _a87
362 0 _a2008
440 1 _aÁtica
697 _aLITERATURA BRASILEIRA
942 _cBK
999 _c157662
_d157662